Systematic status and distribution of some poorly known frogs of the genus Eleutherodactylus from the chocoan lowlands of South America (Registro nro. 9219)

Detalles MARC
000 -CABECERA
Campo de control 005990000a22001810004500
090 ## - CLASIFICACIÓN LOCAL
Colección AR
Consecutivo 00118
041 0# - IDIOMA
Código de idioma para texto/pista de sonido o título separado
100 1# - ASIENTO PRINCIPAL--NOMBRE PERSONAL
Nombre personal Lynch, John D.
245 10 - MENCION DE TITULO
Título Systematic status and distribution of some poorly known frogs of the genus Eleutherodactylus from the chocoan lowlands of South America
650 14 - ASIENTO SECUNDARIO DE MATERIA - TERMINO TEMATICO
Término temático o nombre geográfico como elemento de entrada Anfibios
650 14 - ASIENTO SECUNDARIO DE MATERIA - TERMINO TEMATICO
Término temático o nombre geográfico como elemento de entrada Fauna
650 14 - ASIENTO SECUNDARIO DE MATERIA - TERMINO TEMATICO
Término temático o nombre geográfico como elemento de entrada Distribución
650 14 - ASIENTO SECUNDARIO DE MATERIA - TERMINO TEMATICO
Término temático o nombre geográfico como elemento de entrada Sistemática
651 #4 - ASIENTO SECUNDARIO DE MATERIA - NOMBRE GEOGRAFICO
-- Chocó
-- Colombia
653 ## - TERMINO DE INDIZACION - NO CONTROLADO
-- Leptodactylidae
-- Eleutherodactylus
773 1# - Item fuente:
Título Herpetológica
Especificación de materiales 52
Descripción física 2
Paginas del Articulo 175-189
Lugar, editorial y fecha de publicación 1980
Información sobre la relación 36
942 ## - ELEMENTOS ADICIONALES (KOHA)
Tipo de ítem Artículo
Existencias
Withdrawn status Lost status Sistema de Clasificación Damaged status No para préstamo Colección Ubicación Permanente Ubicación actual Fecha de adquisición Total Checkouts Número topográfico Inventario / Código de Barras Date last seen Ejemplar Price effective from Tipo de material
    Dewey Decimal Classification   No para Préstamo Hemeroteca Bogotá Bogotá 27/02/2015   AR 00118 Fuera de circulación 010350 25/03/2015 1 25/03/2015 Artículo